000 00827nam a22002657a 4500
001 BR7316332
003 BR-BrBNA
005 20230928084327.0
007 ta
008 230509b bl.||||| |||| 00| 0 por d
040 _aBR-BrBNA
_bpor
_cBiblioteca Nacional de Agricultura
041 _a(Por)
072 _aF60; S10
_b2140
_b9915
090 _ 2140 BR7316332
100 1 _aCarneiro, A.B.
110 1 _aFaculdade de Engenharia do Parana, Curitiba (Brasil). Inst. de Chimica
_0Tese (Catedra)
_94493
245 1 _aContribuicao ao estudo chimico - analytico do matte [composicao de alimento, Ilex paraguariensis]
260 3 _aCuritiba, PR (Brasil):
_c1931.
300 _a28 p.
650 _aMATE
650 _aANALISE QUIMICA
650 _aCOMPOSICAO DE ALIMENTO
909 _a202309
_bLucia
_c55
_dLucia Elande
942 _cBK
999 _c18197
_d18197